000 00443nam a2200181Ia 4500
001 15667
003 IN-NITTTR
005 20251114233147.0
008 251113s9999||||xx |||||||||||||| ||eng||
040 _beng
040 _cIN-NITTTR
041 _aeng
082 _a620.106 M137P
100 _aMcCormack, P. D.
245 0 _aPhysical fluid dynamics. /
_cMcCormack, P. D., Crane, Lawrence
700 _a Crane, Lawrence
942 _2ddc
_cBK
999 _c18301
_d18301